000 00447nam a2200181Ia 4500
005 20250326141859.0
008 250326s9999 xx 000 0 und d
037 _aTextbook
040 _aFMSL
_beng
_cFMSL
041 _aeng
_2eng
084 _qFMSL
100 _aSarma Ksrn
_9745215
245 0 _aHousing fice in India
_cSarma Ksrn
260 _aDelhi
_bDelhi, IIPAN
_c1989
300 _a232p
942 _cTB
999 _c1292417
_d1292417